LEADER 01011nam0-2200337---450- 001 990004287300403321 005 20091123145144.0 010 $a88-221-0036-0 035 $a000428730 035 $aFED01000428730 035 $a(Aleph)000428730FED01 035 $a000428730 100 $a19990604d1986----km-y0itay50------ba 101 0 $aita 102 $aIT 105 $ay-------001yy 200 1 $a<>innovazione nella scuola elementare$etempo pieno, tempo lungo, nuovo curricolo$fa cura di Franco Frabboni 205 $a3. rist. 210 $aFIrenze$cLa Nuova Italia$d1986 215 $aXVIII, 358 p.$d22 cm 225 1 $aEducatori antichi e moderni$v361 610 0 $aScuola elementare$aProgrammi 676 $a372.19$v21$zita 702 1$aFrabboni,$bFranco$f<1935- > 801 0$aIT$bUNINA$gRICA$2UNIMARC 901 $aBK 912 $a990004287300403321 952 $aP.1 DID 269$bBIBL.2007$fFLFBC 959 $aFLFBC 996 $aInnovazione nella scuola elementare$9278133 997 $aUNINA LEADER 01121nam--2200385---450- 001 990001344260203316 005 20040114111135.0 010 $a88-7750-459-5 035 $a000134426 035 $aUSA01000134426 035 $a(ALEPH)000134426USA01 035 $a000134426 100 $a20040114d1997----km-y0itay0103----ba 101 0 $aita 102 $aIT 105 $a||||||||001yy 200 1 $aApplicazioni di scienza delle costurzioni$eteoria ed esercoizi dei sistemi isostatici$fBruno Barbarito 210 $aTorino$cUTET$d1997 215 $a395 p$d24 cm 300 $aIngegneria strutturale 410 0$12001 454 1$12001 461 1$1001-------$12001 606 0 $aScienza delle costruzioni$xEsercizi 676 $a624.17076 700 1$aBARBARITO,$bBruno$0330954 801 0$aIT$bsalbc$gISBD 912 $a990001344260203316 951 $a624.17076 BAR$b15252 L.M.$c624.17076 959 $aBK 969 $aUMA 979 $aSIAV2$b10$c20040114$lUSA01$h1111 979 $aPATRY$b90$c20040406$lUSA01$h1735 996 $aApplicazioni di scienza delle costurzioni$9927286 997 $aUNISA LEADER 02588nam 22007095 450 001 9910451232403321 005 20210112184337.0 010 $a1-281-36132-1 010 $a9786611361327 010 $a0-230-60182-0 024 7 $a10.1057/9780230601826 035 $a(CKB)1000000000342479 035 $a(SSID)ssj0000282290 035 $a(PQKBManifestationID)11228199 035 $a(PQKBTitleCode)TC0000282290 035 $a(PQKBWorkID)10316746 035 $a(PQKB)11303116 035 $a(DE-He213)978-0-230-60182-6 035 $a(MiAaPQ)EBC307553 035 $a(EXLCZ)991000000000342479 100 $a20151127d2007 u| 0 101 0 $aeng 135 $aurnn#008mamaa 181 $ctxt 182 $cc 183 $acr 200 12$aA New Guide to Italian Cinema$b[electronic resource] /$fby Carlo Celli, Marga Cottino-Jones 210 1$aNew York :$cPalgrave Macmillan US :$cImprint: Palgrave Macmillan,$d2007. 215 $a1 online resource (256 p.) 225 1 $aItalian and Italian American Studies 300 $aBibliographic Level Mode of Issuance: Monograph 311 $a1-4039-7560-4 330 $aThis book is a complete reworking and update of Marga Cottino-Jones' popular A Student's Guide to Italian Film (1983, 1993) . This guide retains earlier editions' interest in renowned films and directors but is also attentive to the popular films which achieved box office success among the public. 410 0$aItalian and Italian American Studies 606 $aCulture$xStudy and teaching 606 $aMotion pictures and television 606 $aMotion pictures$xEuropean influences 606 $aMotion pictures$xHistory 606 $aCulture$xStudy and teaching 606 $aCultural and Media Studies 606 $aFilm and Television Studies 606 $aEuropean Cinema 606 $aFilm History 606 $aCultural Studies 615 0$aCulture$xStudy and teaching. 615 0$aMotion pictures and television. 615 0$aMotion pictures$xEuropean influences. 615 0$aMotion pictures$xHistory. 615 0$aCulture$xStudy and teaching. 615 14$aCultural and Media Studies. 615 24$aFilm and Television Studies. 615 24$aEuropean Cinema. 615 24$aFilm History. 615 24$aCultural Studies. 676 $a791.430945 700 $aCelli$b Carlo$034454 702 $aCottino-Jones$b Marga 712 02$aSpringerLink (Online service) 906 $aBOOK 912 $a9910451232403321 996 $aA New Guide to Italian Cinema$92458337 997 $aUNINA